[Event "HUN-chT2 Charousek 1718"]
[Site "Hungary"]
[Date "2017.12.03"]
[Round "3.9"]
[White "Kercsmarics, Jozsef"]
[Black "Szukics, Adam"]
[Result "0-1"]
[WhiteElo "1981"]
[BlackElo "2070"]
[PlyCount "88"]
[EventDate "2017.10.29"]
[EventType "team-tourn"]
[EventRounds "9"]
[EventCountry "HUN"]
[SourceTitle "EXT 2020"]
[Source "ChessBase"]
[SourceDate "2019.10.17"]
[SourceVersion "1"]
[SourceVersionDate "2019.10.17"]
[SourceQuality "1"]
[WhiteTeam "Aquaprofit Nagykanizsa II"]
[BlackTeam "Haladas Szombathely II"]
[WhiteTeamCountry "HUN"]
[BlackTeamCountry "HUN"]

1. e4 e5 2. Nf3 Nc6 3. Bb5 a6 4. Ba4 Nf6 5. 0-0 b5 6. Bb3 Bc5 7. d3 d6 8. h3 Na5 9. c3 Nxb3 10. Qxb3 Bb6 11. Be3 c5 12. Nbd2 0-0 13. d4 c4 14. Qc2 Re8 15. Rfe1 Bb7 16. Rad1 Qc7 17. d5 Bxe3 18. Rxe3 Bc8 19. Nf1 Nh5 20. Ng3 Nf4 21. Ne2 Nd3 22. Ne1 Nc5 23. Ng3 g6 24. Rf3 Qe7 25. b4 cxb3 26. axb3 Bd7 27. b4 Na4 28. Qd2 Qh4 29. Rc1 Nb6 30. Ra1 Nc4 31. Qc1 Rf8 32. Rd3 f5 33. Nf3 Qf4 34. Nd2 Nb6 35. Nf3 fxe4 36. Nxe4 Qxe4 37. Qh6 Qxd3 38. Ng5 Rf7 39. Nxf7 Kxf7 40. Qxh7+ Kf6 41. Re1 Qxd5 42. Qh4+ Kg7 43. Qe7+ Kg8 44. Re3 Qe6 0-1

[Event "HUN-chT2 Charousek 1516"]
[Site "Hungary"]
[Date "2016.02.28"]
[Round "6.10"]
[White "Gelle, Istvan"]
[Black "Kercsmarics, Jozsef"]
[Result "1-0"]
[WhiteElo "2254"]
[BlackElo "2011"]
[PlyCount "123"]
[EventDate "2015.10.18"]
[EventType "team-tourn"]
[EventRounds "9"]
[EventCountry "HUN"]
[SourceTitle "EXT 2017"]
[Source "ChessBase"]
[SourceDate "2016.10.25"]
[SourceVersion "1"]
[SourceVersionDate "2016.10.25"]
[SourceQuality "1"]
[WhiteTeam "Hobagoly"]
[BlackTeam "Aquaprofit II"]
[WhiteTeamCountry "HUN"]
[BlackTeamCountry "HUN"]

1. d4 d5 2. Bf4 Nf6 3. e3 g6 4. h3 Bg7 5. Nf3 0-0 6. Be2 c5 7. c3 b6 8. a4 Nc6 9. 0-0 Bb7 10. Nbd2 Nd7 11. Qb3 c4 12. Qc2 f5 13. Ng5 Rf6 14. Bf3 Nf8 15. h4 h6 16. Nh3 e6 17. b3 cxb3 18. Qxb3 Na5 19. Qb4 Ba6 20. Rfc1 Rc8 21. Qd6 Rf7 22. g3 Rd7 23. Qb4 Kh7 24. Bd1 Bf6 25. Nf3 Rg7 26. Bd6 Be7 27. Bxe7 Rxe7 28. Nf4 Rec7 29. Kg2 Qe7 30. Rcb1 Qe8 31. Ra3 Qe7 32. Ne5 Nc4 33. Nxc4 Bxc4 34. a5 b5 35. a6 g5 36. hxg5 hxg5 37. Nh3 Qxb4 38. cxb4 Kg6 39. f4 gxf4 40. exf4 Nh7 41. g4 fxg4 42. Bxg4 Rg7 43. Re1 Rc6 44. Kf3 Kf6 45. Re5 Bf1 46. Nf2 Nf8 47. f5 Rg5 48. Re1 exf5 49. Rxf1 fxg4+ 50. Nxg4+ Kg7 51. Ne5 Rf5+ 52. Ke3 Rxf1 53. Nxc6 Rf7 54. Ra5 Rc7 55. Ne5 Ne6 56. Rxb5 Rc3+ 57. Kd2 Rb3 58. Nc6 Rb2+ 59. Kc3 Rb1 60. Rb7+ Kf6 61. b5 Rc1+ 62. Kb2 1-0

[Event "HUN-chT2 Charousek 1314"]
[Site "Hungary"]
[Date "2013.10.20"]
[Round "3"]
[White "Kercsmarics, Jozsef"]
[Black "Laszlo, Imre"]
[Result "0-1"]
[WhiteElo "2016"]
[BlackElo "2160"]
[PlyCount "58"]
[EventDate "2013.09.08"]
[EventType "team-tourn"]
[EventRounds "11"]
[EventCountry "HUN"]
[SourceTitle "EXT 2016"]
[Source "ChessBase"]
[SourceDate "2015.10.08"]
[SourceVersion "1"]
[SourceVersionDate "2015.10.08"]
[SourceQuality "1"]
[WhiteTeam "Nagykanizsa II"]
[BlackTeam "Geniusz Tata"]
[WhiteTeamCountry "HUN"]
[BlackTeamCountry "HUN"]

1. e4 g6 2. d4 Bg7 3. Nc3 c6 4. Nf3 d6 5. h3 Nd7 6. Be3 Qc7 7. Qd2 Ngf6 8. Bd3 b5 9. 0-0 0-0 10. Bh6 Re8 11. Bxg7 Kxg7 12. a3 a6 13. Rae1 e5 14. dxe5 dxe5 15. Ne2 Nc5 16. Ng3 Ne6 17. c4 Nf4 18. Qc3 Bxh3 19. gxh3 Qd7 20. Re3 Nxh3+ 21. Kh1 Ng4 22. Bc2 Nf4 23. Ne1 Nxe3 24. Qxe3 Qh3+ 25. Kg1 Rad8 26. cxb5 cxb5 27. Qf3 Rd2 28. Qc3 Rd4 29. Qc7 Rc4 0-1

[Event "HUN-chT2 Charousek 1213"]
[Site "Hungary"]
[Date "2013.02.17"]
[Round "7"]
[White "Kercsmarics, Jozsef"]
[Black "Pajor, Matyas"]
[Result "1/2-1/2"]
[WhiteElo "2002"]
[BlackElo "1923"]
[PlyCount "37"]
[EventDate "2012.09.16"]
[EventType "team-tourn"]
[EventRounds "11"]
[EventCountry "HUN"]
[SourceTitle "EXT 2014"]
[Source "ChessBase"]
[SourceDate "2013.11.20"]
[SourceVersion "1"]
[SourceVersionDate "2013.11.20"]
[SourceQuality "1"]
[WhiteTeam "Aquaprofit II"]
[BlackTeam "Haladas II"]
[WhiteTeamCountry "HUN"]
[BlackTeamCountry "HUN"]

1. e4 c5 2. Nf3 d6 3. d4 cxd4 4. Nxd4 Nf6 5. Nc3 a6 6. Be2 e5 7. Nb3 Be6 8. a4 Be7 9. 0-0 d5 10. exd5 Nxd5 11. Ne4 0-0 12. Kh1 Nc6 13. c4 Nb6 14. Qc2 Qc7 15. Be3 Rac8 16. Nbd2 Nd7 17. f3 f6 18. b3 Nb4 19. Qb2 1/2-1/2

[Event "HUN-chT2 Charousek 1112"]
[Site "Hungary"]
[Date "2012.05.20"]
[Round "11"]
[White "Vagyi, Erik"]
[Black "Kercsmarics, Jozsef"]
[Result "1/2-1/2"]
[WhiteElo "2126"]
[BlackElo "2009"]
[PlyCount "76"]
[EventDate "2011.09.25"]
[EventType "team-tourn"]
[EventRounds "11"]
[EventCountry "HUN"]
[SourceTitle "EXT 2013"]
[Source "ChessBase"]
[SourceDate "2012.11.22"]
[SourceVersion "1"]
[SourceVersionDate "2012.11.22"]
[SourceQuality "1"]
[WhiteTeam "Veszprem"]
[BlackTeam "Aquaprofit II"]
[WhiteTeamCountry "HUN"]
[BlackTeamCountry "HUN"]

1. Nf3 d5 2. g3 Nf6 3. Bg2 c6 4. 0-0 Bf5 5. d3 h6 6. c4 e6 7. Nbd2 Nbd7 8. b3 Be7 9. Bb2 0-0 10. Qc2 Bh7 11. Rac1 Rc8 12. Qb1 Qa5 13. Qa1 Rfd8 14. a3 c5 15. Rfd1 Qb6 16. cxd5 exd5 17. h3 Qe6 18. Re1 b6 19. Rcd1 Bf8 20. Nh2 Re8 21. Nhf1 Re7 22. e4 d4 23. f4 Nb8 24. g4 Qd7 25. Nc4 Nc6 26. Bc1 b5 27. Ncd2 Rce8 28. Ng3 Nd5 29. exd5 Rxe1+ 30. Rxe1 Rxe1+ 31. Kf2 Qe8 32. Nde4 Bxe4 33. dxe4 Rxc1 34. Qxc1 Na5 35. b4 Nb3 36. Qd1 c4 37. e5 a5 38. d6 Bxd6 1/2-1/2

[Event "HUN-chT2 Charousek 1112"]
[Site "Hungary"]
[Date "2012.01.29"]
[Round "5"]
[White "Szente Varga, Fruzsina"]
[Black "Kercsmarics, Jozsef"]
[Result "1-0"]
[WhiteElo "1951"]
[BlackElo "2009"]
[PlyCount "55"]
[EventDate "2011.09.25"]
[EventType "team-tourn"]
[EventRounds "11"]
[EventCountry "HUN"]
[SourceTitle "EXT 2013"]
[Source "ChessBase"]
[SourceDate "2012.11.22"]
[SourceVersion "1"]
[SourceVersionDate "2012.11.22"]
[SourceQuality "1"]
[WhiteTeam "Paks II"]
[BlackTeam "Aquaprofit II"]
[WhiteTeamCountry "HUN"]
[BlackTeamCountry "HUN"]

1. e4 c5 2. Nf3 Nc6 3. Nc3 d6 4. d4 cxd4 5. Nxd4 e5 6. Nb3 Nf6 7. f3 Be6 8. Be3 a6 9. Qd2 Be7 10. 0-0-0 0-0 11. g4 Rc8 12. h4 b5 13. Nd5 Bxd5 14. exd5 Nb8 15. h5 Nfd7 16. Kb1 Nb6 17. c3 Nc4 18. Bxc4 Rxc4 19. g5 g6 20. Rdg1 Nd7 21. Qh2 Re8 22. hxg6 Nf8 23. gxf7+ Kxf7 24. Qh5+ Kg8 25. g6 h6 26. g7 Nh7 27. Qxh6 Bh4 28. Nd2 1-0

[Event "HUN-chT2 Charousek 1112"]
[Site "Hungary"]
[Date "2011.11.27"]
[Round "4"]
[White "Bors, Sandor"]
[Black "Kercsmarics, Jozsef"]
[Result "1-0"]
[WhiteElo "2148"]
[BlackElo "2009"]
[PlyCount "63"]
[EventDate "2011.09.25"]
[EventType "team-tourn"]
[EventRounds "11"]
[EventCountry "HUN"]
[SourceTitle "EXT 2013"]
[Source "ChessBase"]
[SourceDate "2012.11.22"]
[SourceVersion "1"]
[SourceVersionDate "2012.11.22"]
[SourceQuality "1"]
[WhiteTeam "Gyor Elektromos"]
[BlackTeam "Aquaprofit II"]
[WhiteTeamCountry "HUN"]
[BlackTeamCountry "HUN"]

1. e4 c5 2. Nf3 d6 3. d4 cxd4 4. Nxd4 Nf6 5. Nc3 e5 6. Nb3 Nc6 7. Be2 Be7 8. 0-0 0-0 9. Be3 a6 10. Kh1 b5 11. f3 Be6 12. Qd2 Ne8 13. f4 Nf6 14. f5 Bxb3 15. axb3 b4 16. Na4 d5 17. exd5 Nxd5 18. Rad1 Nxe3 19. Qxe3 Qc7 20. Bf3 Rac8 21. Nb6 Nd4 22. Nxc8 Rxc8 23. Be4 Bf6 24. h3 h6 25. Bd3 a5 26. Qe4 Rd8 27. Ra1 Rc8 28. Bc4 Rd8 29. c3 Nc6 30. Rfd1 Ne7 31. Rxd8+ Qxd8 32. cxb4 1-0

[Event "HUN-chT2 Charousek 1112"]
[Site "Hungary"]
[Date "2011.11.13"]
[Round "3"]
[White "Kercsmarics, Jozsef"]
[Black "Grimm, Daniel"]
[Result "1-0"]
[WhiteElo "2009"]
[BlackElo "2054"]
[PlyCount "59"]
[EventDate "2011.09.25"]
[EventType "team-tourn"]
[EventRounds "11"]
[EventCountry "HUN"]
[SourceTitle "EXT 2013"]
[Source "ChessBase"]
[SourceDate "2012.11.22"]
[SourceVersion "1"]
[SourceVersionDate "2012.11.22"]
[SourceQuality "1"]
[WhiteTeam "Aquaprofit II"]
[BlackTeam "BEAC"]
[WhiteTeamCountry "HUN"]
[BlackTeamCountry "HUN"]

1. e4 c5 2. Nf3 Nc6 3. d4 cxd4 4. Nxd4 Nf6 5. Nc3 e5 6. Ndb5 d6 7. Bg5 a6 8. Na3 b5 9. Nd5 Be7 10. Bxf6 Bxf6 11. c4 b4 12. Nc2 0-0 13. g3 Bg5 14. Bg2 Qa5 15. 0-0 Qc5 16. Qe2 Be6 17. Rad1 Ra7 18. Kh1 Rb8 19. b3 Bd8 20. f4 exf4 21. gxf4 f6 22. Rd3 a5 23. Rfd1 Rd7 24. Qh5 Bf7 25. Nxf6+ Bxf6 26. Qxc5 dxc5 27. Rxd7 Bc3 28. e5 Nd4 29. Nxd4 cxd4 30. Bd5 1-0

[Event "HUN-chT2 Charousek 1011"]
[Site "Hungary"]
[Date "2010.11.07"]
[Round "5"]
[White "Kercsmarics, Jozsef"]
[Black "Huszar, Richard"]
[Result "0-1"]
[WhiteElo "2008"]
[BlackElo "2153"]
[PlyCount "92"]
[EventDate "2010.09.12"]
[EventType "team-tourn"]
[EventRounds "11"]
[EventCountry "HUN"]
[SourceTitle "EXT 2012"]
[Source "ChessBase"]
[SourceDate "2011.11.24"]
[SourceVersion "1"]
[SourceVersionDate "2011.11.24"]
[SourceQuality "1"]
[WhiteTeam "Aquaprofit II"]
[BlackTeam "Kisber Aszar"]
[WhiteTeamCountry "HUN"]
[BlackTeamCountry "HUN"]

1. e4 e6 2. d4 d5 3. Nc3 Bb4 4. e5 c5 5. a3 Bxc3+ 6. bxc3 Ne7 7. Qg4 Qc7 8. Qxg7 Rg8 9. Qxh7 cxd4 10. Ne2 Nbc6 11. f4 Bd7 12. Qd3 dxc3 13. Qxc3 0-0-0 14. Rb1 Nf5 15. Rg1 d4 16. Qd3 Rh8 17. h3 f6 18. g4 Nh4 19. exf6 Be8 20. Rg3 Bg6 21. Qc4 Bf7 22. Qd3 e5 23. Bd2 Rhe8 24. Qb5 Rd5 25. Qb2 Rd7 26. f5 e4 27. Bf4 Ne5 28. Bxe5 Qxe5 29. Qb5 Nf3+ 30. Kf2 Bd5 31. Bg2 e3+ 32. Kf1 Nd2+ 33. Kg1 Nxb1 34. Qxb1 Qxf6 35. Bxd5 Rxd5 36. Qb3 Qc6 37. Rg2 Rb5 38. Qf7 Rb1+ 39. Kh2 Qd6+ 40. Ng3 Rh8 41. f6 Rf8 42. Qc4+ Kb8 43. g5 Qe5 44. h4 Rh8 45. Kh3 Qf4 46. Re2 Rg1 0-1

[Event "HUN-chT2 Charousek 0910"]
[Site "Hungary"]
[Date "2010.02.28"]
[Round "7"]
[White "Pais, Nimrod"]
[Black "Kercsmarics, Jozsef"]
[Result "1-0"]
[WhiteElo "2056"]
[BlackElo "2035"]
[PlyCount "153"]
[EventDate "2009.11.08"]
[EventType "team-tourn"]
[EventRounds "11"]
[EventCountry "HUN"]
[SourceTitle "EXT 2011"]
[Source "ChessBase"]
[SourceDate "2010.11.26"]
[SourceVersion "1"]
[SourceVersionDate "2010.11.26"]
[SourceQuality "1"]
[WhiteTeam "Fehervar"]
[BlackTeam "Aquaprofit II"]
[WhiteTeamCountry "HUN"]
[BlackTeamCountry "HUN"]

1. e4 c6 2. d4 d5 3. Nc3 dxe4 4. Nxe4 Bf5 5. Ng3 Bg6 6. Nf3 Nd7 7. h4 h6 8. Bd3 Bxd3 9. Qxd3 Ngf6 10. Bd2 e6 11. 0-0-0 Qc7 12. Kb1 0-0-0 13. Ne4 Nxe4 14. Qxe4 Nf6 15. Qe2 Bd6 16. g3 Rhe8 17. Rhe1 Re7 18. c4 c5 19. Bc3 cxd4 20. Nxd4 a6 21. Nb3 Red7 22. Ba5 b6 23. c5 bxa5 24. Qxa6+ Qb7 25. Qxb7+ Kxb7 26. cxd6 Kb6 27. Nd2 Nd5 28. Nc4+ Kb5 29. Rc1 Rb7 30. Re5 Ka6 31. a3 Rb5 32. f4 g6 33. Re4 Rb7 34. Re5 Rb5 35. Rc2 h5 36. Re1 Rb7 37. Ka2 Rdd7 38. Re5 Rb5 39. Re1 Rbb7 40. Rd1 Rd8 41. Rdd2 Rdd7 42. Rd3 a4 43. Nd2 Rb5 44. Rd4 Rxd6 45. Rxa4+ Kb7 46. Ne4 Rc6 47. Rac4 Ra6 48. Nc5+ Rxc5 49. Rxc5 Nb4+ 50. Kb1 Nxc2 51. Kxc2 Rd6 52. Rc3 Rd5 53. b4 Kb6 54. Rd3 Rf5 55. a4 Kc6 56. Kc3 e5 57. fxe5 Rxe5 58. Rf3 f5 59. Rd3 Re4 60. Kb3 f4 61. Rc3+ Kb7 62. gxf4 Rxf4 63. Rh3 Kb6 64. Kc3 Kc6 65. Rg3 Rxh4 66. Rxg6+ Kd5 67. Rg5+ Kc6 68. a5 Rh1 69. b5+ Kb7 70. Rg7+ Kb8 71. Kb4 h4 72. Rh7 h3 73. Kc5 h2 74. Kb6 Rc1 75. Rxh2 Rc8 76. Rh5 Ka8 77. a6 1-0

[Event "HUN-chT2 Charousek 0910"]
[Site "Hungary"]
[Date "2010.02.27"]
[Round "5"]
[White "Toth, Gergely"]
[Black "Kercsmarics, Jozsef"]
[Result "1-0"]
[WhiteElo "2067"]
[BlackElo "2035"]
[PlyCount "69"]
[EventDate "2009.11.08"]
[EventType "team-tourn"]
[EventRounds "11"]
[EventCountry "HUN"]
[SourceTitle "EXT 2011"]
[Source "ChessBase"]
[SourceDate "2010.11.26"]
[SourceVersion "1"]
[SourceVersionDate "2010.11.26"]
[SourceQuality "1"]
[WhiteTeam "Paks II"]
[BlackTeam "Aquaprofit II"]
[WhiteTeamCountry "HUN"]
[BlackTeamCountry "HUN"]

1. e4 c5 2. Nf3 d6 3. d4 cxd4 4. Qxd4 Bd7 5. c4 Nc6 6. Qd2 Nf6 7. Nc3 g6 8. b3 Bg7 9. Bb2 0-0 10. Be2 Bg4 11. 0-0 Qa5 12. Rad1 Rad8 13. h3 Bxf3 14. Bxf3 Ne8 15. Be2 e5 16. a3 Nd4 17. b4 Qc7 18. Nd5 Nxe2+ 19. Qxe2 Qb8 20. f4 Rd7 21. f5 Qd8 22. Qg4 Nf6 23. Nxf6+ Bxf6 24. fxg6 fxg6 25. Qe6+ Kg7 26. Rxf6 Qxf6 27. Bxe5 Qxe5 28. Qxe5+ dxe5 29. Rxd7+ Rf7 30. Rxf7+ Kxf7 31. Kf2 b6 32. c5 b5 33. Kg3 Ke6 34. Kg4 Kf6 35. c6 1-0

[Event "HUN-chT2 Charousek 0910"]
[Site "Hungary"]
[Date "2010.02.14"]
[Round "6"]
[White "Kercsmarics, Jozsef"]
[Black "Kiraly, Ferenc"]
[Result "1/2-1/2"]
[WhiteElo "2035"]
[BlackElo "1964"]
[PlyCount "62"]
[EventDate "2009.11.08"]
[EventType "team-tourn"]
[EventRounds "11"]
[EventCountry "HUN"]
[SourceTitle "EXT 2011"]
[Source "ChessBase"]
[SourceDate "2010.11.26"]
[SourceVersion "1"]
[SourceVersionDate "2010.11.26"]
[SourceQuality "1"]
[WhiteTeam "Aquaprofit II"]
[BlackTeam "Alsoszolnok"]
[WhiteTeamCountry "HUN"]
[BlackTeamCountry "HUN"]

1. d4 Nf6 2. c4 e5 3. dxe5 Ng4 4. e4 Nxe5 5. Nc3 Bb4 6. Bd2 0-0 7. f4 Ng6 8. Qc2 Re8 9. Bd3 Bxc3 10. Qxc3 d5 11. cxd5 Qxd5 12. Ne2 Qc6 13. 0-0 Qxc3 14. Bxc3 c5 15. Ng3 b6 16. Rf2 Ba6 17. Bc2 Nc6 18. e5 Rad8 19. Be4 Nd4 20. a4 Ne7 21. Re1 Bc8 22. h3 g6 23. Nf1 Bf5 24. Ng3 Bc8 25. Nf1 Bf5 26. Nd2 Bd7 27. Ra1 Bf5 28. Re1 Bd7 29. Ra1 Bf5 30. Re1 Bd7 31. Ra1 Bf5 1/2-1/2

[Event "HUN-chT2 Charousek 0910"]
[Site "Hungary"]
[Date "2009.11.22"]
[Round "2"]
[White "Kercsmarics, Jozsef"]
[Black "Hitter, Gabriela"]
[Result "0-1"]
[WhiteElo "2035"]
[BlackElo "2036"]
[PlyCount "150"]
[EventDate "2009.11.08"]
[EventType "team-tourn"]
[EventRounds "11"]
[EventCountry "HUN"]
[SourceTitle "EXT 2011"]
[Source "ChessBase"]
[SourceDate "2010.11.26"]
[SourceVersion "1"]
[SourceVersionDate "2010.11.26"]
[SourceQuality "1"]
[WhiteTeam "Aquaprofit II"]
[BlackTeam "Haladas II"]
[WhiteTeamCountry "HUN"]
[BlackTeamCountry "HUN"]

1. d4 d5 2. c4 c6 3. Nc3 Nf6 4. Nf3 e6 5. Bg5 h6 6. Bh4 g5 7. Bg3 dxc4 8. e3 b5 9. Ne5 Bb7 10. h4 Rg8 11. hxg5 hxg5 12. Be2 Nbd7 13. Bf3 Nxe5 14. Bxe5 a6 15. a3 Nd7 16. Bg3 Qa5 17. Rh7 Nf6 18. Rh1 g4 19. Be2 Ne4 20. Bc7 Nxc3 21. Bxa5 Nxd1 22. Rxd1 c5 23. Kf1 cxd4 24. Rxd4 g3 25. fxg3 Bc5 26. Rg4 Rxg4 27. Bxg4 Bxe3 28. Rh7 Be4 29. Rh4 Bc5 30. Bf3 Bxf3 31. gxf3 Ke7 32. g4 Ra7 33. Rh8 Rd7 34. g5 Rd3 35. Kg2 Re3 36. Bc3 e5 37. Ra8 Bxa3 38. Ra7+ Ke8 39. Ra8+ Ke7 40. Rxa6 Bxb2 41. Bb4+ Ke8 42. Ra8+ Kd7 43. Ra7+ Ke6 44. Re7+ Kf5 45. Rxf7+ Kxg5 46. Rb7 Rb3 47. Rxb5 Kf5 48. Rb8 Ba3 49. Rf8+ Kg5 50. Bxa3 Rxa3 51. Kf2 Rd3 52. Ke2 Rd4 53. Ke3 Rh4 54. Kd2 Rf4 55. Rg8+ Kf6 56. Kc3 Ke6 57. Rc8 Kd5 58. Rd8+ Ke6 59. Rc8 Rxf3+ 60. Kxc4 Kf5 61. Rf8+ Ke4 62. Re8 Rf1 63. Kc3 Rd1 64. Kc2 Rd5 65. Rh8 Kf3 66. Rh3+ Kg4 67. Rh8 e4 68. Rf8 e3 69. Re8 Kf3 70. Rf8+ Ke2 71. Rc8 Ke1 72. Rc7 e2 73. Rc8 Rf5 74. Rh8 Kf1 75. Rh1+ Kg2 0-1

[Event "HUN-chT2 Charousek 0809"]
[Site "Hungary"]
[Date "2009.01.11"]
[Round "5"]
[White "Fulop, Szabolcs"]
[Black "Kercsmarics, Jozsef"]
[Result "0-1"]
[WhiteElo "1997"]
[BlackElo "2047"]
[PlyCount "78"]
[EventDate "2008.10.26"]
[EventType "team-tourn"]
[EventRounds "11"]
[EventCountry "HUN"]
[SourceTitle "EXT 2010"]
[Source "ChessBase"]
[SourceDate "2010.11.25"]
[SourceVersion "1"]
[SourceVersionDate "2010.11.25"]
[SourceQuality "1"]
[WhiteTeam "Barcza"]
[BlackTeam "Aquaprofit II"]
[WhiteTeamCountry "HUN"]
[BlackTeamCountry "HUN"]

1. d4 Nf6 2. Bg5 d5 3. Bxf6 gxf6 4. Nc3 Bf5 5. g3 c6 6. Bg2 Nd7 7. e4 dxe4 8. Bxe4 Bxe4 9. Nxe4 Qa5+ 10. c3 e6 11. Qb3 Qd5 12. Qxd5 cxd5 13. Nd2 h5 14. Ne2 0-0-0 15. f4 e5 16. fxe5 fxe5 17. dxe5 Nxe5 18. Rf1 Bh6 19. 0-0-0 Nc4 20. Rxf7 Nxd2 21. Rxd2 Bxd2+ 22. Kxd2 Rdf8 23. Rf4 Rxf4 24. Nxf4 Rf8 25. Ke3 Rf5 26. h4 Kd7 27. Kf3 Kd6 28. g4 hxg4+ 29. Kxg4 Rf7 30. h5 Ke5 31. Ng6+ Kf6 32. Nf4 Rg7+ 33. Kh4 Rd7 34. h6 Kf5 35. Nd3 d4 36. c4 Re7 37. Kh5 Re2 38. Kh4 Rh2+ 39. Kg3 Rxh6 0-1

[Event "HUN-chT2 Charousek 0708"]
[Site "Hungary"]
[Date "2007.12.09"]
[Round "4"]
[White "Kercsmarics, Jozsef"]
[Black "Heiligermann, Gabor"]
[Result "1/2-1/2"]
[WhiteElo "2087"]
[BlackElo "2077"]
[PlyCount "22"]
[EventDate "2007.10.14"]
[EventType "team"]
[EventRounds "11"]
[EventCountry "HUN"]
[SourceTitle "EXT 2009"]
[Source "ChessBase"]
[SourceDate "2008.11.26"]
[SourceVersion "1"]
[SourceVersionDate "2008.11.26"]
[SourceQuality "1"]
[WhiteTeam "Nagykanizsa II"]
[BlackTeam "Tapolca"]
[WhiteTeamCountry "HUN"]
[BlackTeamCountry "HUN"]

1. d4 d5 2. c4 c6 3. Nc3 Nf6 4. e3 e6 5. Nf3 Nbd7 6. Bd3 dxc4 7. Bxc4 b5 8. Bd3 a6 9. 0-0 c5 10. b3 Bb7 11. Bb2 Rc8 1/2-1/2

[Event "HUN-chT2 Asztalos 0506"]
[Site "Hungary"]
[Date "2005.11.27"]
[Round "4"]
[White "Pais, Nimrod"]
[Black "Kercsmarics, Jozsef"]
[Result "1-0"]
[WhiteElo "2128"]
[BlackElo "2084"]
[PlyCount "126"]
[EventDate "2005.10.16"]
[EventType "team"]
[EventRounds "11"]
[EventCountry "HUN"]
[SourceTitle "EXT 2009"]
[Source "ChessBase"]
[SourceDate "2008.11.26"]
[SourceVersion "1"]
[SourceVersionDate "2008.11.26"]
[SourceQuality "1"]
[WhiteTeam "Fehervar"]
[BlackTeam "Aquaprofit"]
[WhiteTeamCountry "HUN"]
[BlackTeamCountry "HUN"]

1. d4 Nf6 2. Nf3 d5 3. Bf4 e6 4. e3 Nbd7 5. Bd3 c5 6. c3 b6 7. Nbd2 Bb7 8. 0-0 Be7 9. h3 0-0 10. Ne5 Ne4 11. f3 Nxd2 12. Qxd2 f6 13. Ng4 c4 14. Bc2 f5 15. Nf2 Nf6 16. Rae1 Nh5 17. Be5 Bd6 18. Nh1 Bxe5 19. dxe5 f4 20. Qd4 fxe3 21. Qxe3 Nf4 22. Kh2 Qe7 23. g3 Nh5 24. f4 g6 25. g4 Ng7 26. Ng3 Qc5 27. Qd4 Bc8 28. Ne2 Bd7 29. Qd2 Rae8 30. Nd4 b5 31. Bd1 a5 32. a3 Re7 33. Rf3 Rb8 34. Nc2 Bc6 35. Qd4 Qxd4 36. Nxd4 Bd7 37. Nc2 b4 38. axb4 Ba4 39. Nd4 Be8 40. b5 Bxb5 41. Rf2 Be8 42. Bf3 Reb7 43. Ree2 Rf7 44. Kg3 a4 45. Bg2 Rb6 46. f5 gxf5 47. gxf5 Nxf5+ 48. Nxf5 Rxf5 49. Rxf5 exf5 50. Bxd5+ Kg7 51. Bxc4 Rg6+ 52. Kf4 Rh6 53. Rg2+ Bg6 54. Kg3 Be8 55. Kh2+ Bg6 56. Rd2 Rh4 57. Rd4 f4 58. Bf1 Be8 59. Be2 Bc6 60. Bd1 Kf7 61. Rd6 Be8 62. Bg4 h5 63. Bf3 Ke7 1-0

[Event "HUN-chT2 Asztalos 0405"]
[Site "Hungary"]
[Date "2004.12.05"]
[Round "4"]
[White "Kiss, Lajos"]
[Black "Kercsmarics, Jozsef"]
[Result "1-0"]
[WhiteElo "1952"]
[BlackElo "2098"]
[PlyCount "49"]
[EventDate "2004.09.26"]
[EventType "team"]
[EventRounds "11"]
[EventCountry "HUN"]
[SourceTitle "EXT 2009"]
[Source "ChessBase"]
[SourceDate "2008.11.26"]
[SourceVersion "1"]
[SourceVersionDate "2008.11.26"]
[SourceQuality "1"]
[WhiteTeam "Koppany"]
[BlackTeam "Aquaprofit"]
[WhiteTeamCountry "HUN"]
[BlackTeamCountry "HUN"]

1. d4 d5 2. Nc3 Bf5 3. f3 Nf6 4. g4 Bg6 5. g5 Nh5 6. e4 e6 7. f4 h6 8. f5 exf5 9. exf5 Qe7+ 10. Kf2 hxg5 11. fxg6 Qf6+ 12. Qf3 Qxg6 13. Bd3 Qb6 14. Qe3+ Kd8 15. Qxg5+ Nf6 16. Nf3 Rh5 17. Qg3 Nc6 18. Be3 Nb4 19. b3 Qc6 20. Bd2 Qd7 21. Ne5 Nxd3+ 22. cxd3 Qe6 23. Rae1 Kc8 24. Ne2 Rh3 25. Nf4 1-0